Count of Monte Cristo (Record no. 404626)
[ view plain ]
| 000 -LEADER | |
|---|---|
| fixed length control field | 01579ngm a2200301Ia 4500 |
| 005 - DATE AND TIME OF LATEST TRANSACTION | |
| control field | 20250416134647.0 |
| 007 - PHYSICAL DESCRIPTION FIXED FIELD--GENERAL INFORMATION | |
| fixed length control field | vd cvaizk |
| 008 - FIXED-LENGTH DATA ELEMENTS--GENERAL INFORMATION | |
| fixed length control field | 250217s2025 178 ## v eng d |
| 024 ## - OTHER STANDARD IDENTIFIER | |
| Standard number or code | 850028052808 |
| Qualifying information | (videorecording) |
| 040 ## - CATALOGING SOURCE | |
| Original cataloging agency | CTMMSN |
| Language of cataloging | eng |
| Description conventions | rda |
| Transcribing agency | CTMMSN |
| 092 ## - LOCALLY ASSIGNED DEWEY CALL NUMBER (OCLC) | |
| Classification number | movie |
| Item number | Count of Monte Cristo |
| 245 00 - TITLE STATEMENT | |
| Title | Count of Monte Cristo |
| Medium | [videorecording]. |
| 264 ## - Production, Publication, Distribution, Manufacture, and Copyright Notice. | |
| Place of production, publication, distribution, manufacture | [Place of publication not identified?]: |
| Name of producer, publisher, distributor, manufacturer | SAMUEL GOLDWYN FILMS, |
| Date of production, publication, distribution, manufacture, or copyr | 2025 |
| 264 ## - Production, Publication, Distribution, Manufacture, and Copyright Notice. | |
| Place of production, publication, distribution, manufacture | Old Saybrook, Connecticut : |
| Name of producer, publisher, distributor, manufacturer | www.micromarketing.org |
| 300 ## - PHYSICAL DESCRIPTION | |
| Extent | [1 videodisc (approximately 178 minutes)?] : |
| Other physical details | sound, color; |
| Dimensions | 4 3/4 in. |
| 336 ## - Content Type | |
| Content type term | two-dimensional moving image |
| 337 ## - Media type | |
| Media type term | video |
| 338 ## - Carrier type | |
| Carrier type term | videodisc |
| 500 ## - GENERAL NOTE | |
| General note | [Typographic symbols and accents removed for systems compatibility.] |
| 500 ## - GENERAL NOTE | |
| General note | Widescreen edition. |
| 520 ## - SUMMARY, ETC. | |
| Summary, etc | After escaping from an island prison where he spent 14 years for being wrongly accused of state treason, Edmond Dantes returns as the Count of Monte Cristo to exact revenge on the men who betrayed him. Actors: Pierre Niney, Pierfrancesco Favino, Anais Demoustier, Anamaria Vartolomei, Laurent Lafitte. Director: Alexandre de la Patelliere, Matthieu Delaporte. Dubbed English. SAMUEL GOLDWYN FILMS; 850028052808; 1 Disc(s); 178 min; Action / Adventure, Foreign-French; NR; 03/04/25 |
| 521 ## - TARGET AUDIENCE NOTE | |
| Target audience note | Rating: NR. |
| 538 ## - SYSTEM DETAILS NOTE | |
| System details note | DVD, color, widescreen, NTSC. |
| 650 #7 - SUBJECT ADDED ENTRY--TOPICAL TERM | |
| Topical term or geographic name as entry element | Foreign Film |
| Source of heading or term | bisacsh |
| 655 ## - INDEX TERM--GENRE/FORM | |
| Genre/form data or focus term | Video recordings. |
| Source of term | lcgft |
| 710 ## - ADDED ENTRY--CORPORATE NAME | |
| Corporate name or jurisdiction name as entry element | SAMUEL GOLDWYN FILMS |
| 9 (RLIN) | 6539123 |
| 942 ## - ADDED ENTRY ELEMENTS (KOHA) | |
| Source of classification or shelving scheme | Dewey Decimal Classification |
| Koha item type | DVD |
| Withdrawn status | Lost status | Source of classification or shelving scheme | Damaged status | Not for loan | Collection code | Home library | Current library | Shelving location | Date acquired | Source of acquisition | Total Checkouts | Total Renewals | Full call number | Barcode | Date last seen | Date checked out | Cost, replacement price | Price effective from | Koha item type |
|---|---|---|---|---|---|---|---|---|---|---|---|---|---|---|---|---|---|---|---|
| Dewey Decimal Classification | Movies | Wasatch County Library | Wasatch County Library | Audio Visual Area | 04/14/2025 | Micromarketing | 16 | 14 | Movie Count of Monte Cristo | 34301002152728 | 11/20/2025 | 10/24/2025 | 19.95 | 04/14/2025 | DVD |
